To Authorize Appropriations to the National Aeronautics and Space Administration for Salaries and Expenses, etc.

Executive Session. Considers legislation authorizing NASA FY59 supplemental appropriation. Also creates Subcommittee on Governmental Organization for Space Activities.

Bibliographic Details
Format: eBook
Language:English
Published: [Washington : U.S. G.P.O.], 1959.
Subjects:
Online Access:Electronic resource (PDF)

MARC

Tag First Indicator Second Indicator Subfields
LEADER 00000cam a22000001i 4500
001 in00004110813
005 20200117083838.0
006 m d f
007 cr bn mmmapmmp
008 091109s1959 dcu o f000 0 eng d
035 |a cis2007521542 
040 |a UMI  |b eng  |e rda  |c UMI  |d UtOrBLW 
043 |a zo----- 
110 1 |a United States.  |b Congress.  |b Senate.  |b Committee on Aeronautical and Space Sciences,  |e issuing body.  |0 http://id.loc.gov/authorities/names/n80146641 
245 1 0 |a To Authorize Appropriations to the National Aeronautics and Space Administration for Salaries and Expenses, etc. 
264 1 |a [Washington :  |b U.S. G.P.O.],  |c 1959. 
300 |a 31 pages, digital, PDF file. 
336 |a text  |2 rdacontent  |b txt 
337 |a computer  |b c  |2 rdamedia 
338 |a online resource  |2 rdacarrier  |b cr 
500 |a Record is based on bibliographic data in ProQuest Congressional Hearings Digital Collection (last viewed July 2018). Reuse except for individual research requires license from ProQuest, LLC. 
520 |a Executive Session. Considers legislation authorizing NASA FY59 supplemental appropriation. Also creates Subcommittee on Governmental Organization for Space Activities. 
538 |a System requirements: PDF reader software. 
500 |a Electronic resource. 
610 1 0 |a United States.  |b National Aeronautics and Space Administration.  |0 http://id.loc.gov/authorities/names/n78087581 
651 0 |a Outer space  |x Exploration.  |0 http://id.loc.gov/authorities/subjects/sh85096159 
776 0 8 |a United States. Congress. Senate. Committee on Aeronautical and Space Sciences.  |t To Authorize Appropriations to the National Aeronautics and Space Administration for Salaries and Expenses, etc.  |o 86 SAer-T.8 
730 0 |a ProQuest U.S. Congressional Hearings Digital Collection. 
856 4 0 |u http://proxy.library.tamu.edu/login?url=http://congressional.proquest.com/congcomp/getdoc?HEARING-ID=HRG-1959-ASP-0011  |y Electronic resource (PDF)  |t 0 
999 f f |s a3dfcdd3-c59e-3ba2-8933-bd95e074c802  |i 69669b98-aa1c-38ca-bb16-c2946a71fd54  |t 0 
952 f f |a Texas A&M University  |b College Station  |c Electronic Resources  |d Available Online  |t 0  |h No information provided 
998 f f |t 0  |l Available Online